000 00474nam a2200181Ia 4500
003 LK-CoDNM
005 20240216130544.0
008 010623t xxu||||| |||| 00| 1 sin d
040 _aLK-CoDNM
_dLK-CoDNM
_eLK-CoDNM
041 _asin
080 _a104
_bU 4
100 _aSheelananda thero,Nawanthuiduwe
245 _aවෙසක් පසලොස්වක
246 _aWesak pasaloswaka
260 _bE.P.Siriwardena
_aColombo
300 _b22p., 21 cm
942 _cBK
999 _c141132
_d141132